00573cam a22002057a 4500003000500000005001700005008004100022010001000063011001000073020001500083035001100098040000900109082001500118245007000133260003800203300001200241650004400253650004300297700002700340CHAP20220329143010.0050608d2004 us r 00110 eng d a90458 a91430 a0824709446 a101989 cCHAP04a633.03bE510aEncyclopedia of plant and crop sciencec/ed. by Robert M. Goodman aNew York :bMarcel Dekker,c2004. a1328 p.14aCultivosxEnciclopedias y diccionarios.14aPlantasxEnciclopedias y diccionarios.0 aGoodman, Robert Meed.